000 01124nam a2200337 i 4500
001 bg
003 BPK
005 20221214121527.0
008 990625s1999 pl f f |000 0 pol
015 _aPB 1999/9055
020 _a8387665193
020 _a8387665010
040 _aWA N
_cBPK
041 0 _apol
080 _a338.43
080 _a631.1
080 _a(075.3)
100 1 _aKowalak, Zbigniew.
245 1 0 _aEkonomika i organizacja rolnictwa :
_bpodręcznik.
_nCz. 2 /
_cZbigniew Kowalak.
260 _aPoznań :
_b"eMPi²",
_c1999.
300 _a302, [1] s. ;
_c24 cm.
490 1 _aMateriały i Podręczniki Mariana Pietraszewskiego.
504 _aBibliogr. s. 297.
650 4 _aRolnictwo
_xekonomika.
650 4 _aRolnictwo
_xorganizacja.
655 4 _aPodręczniki dla szkół zawodowych
710 2 _aWydawnictwo eMPi² Mariana Pietraszewskiego
_4pbl.
856 _uhttp://koha.tu.koszalin.pl/cgi-bin/koha/opac-detail.pl?biblionumber=40549
_yKatalog online BPK
830 0 _aMateriały i Podręczniki Mariana Pietraszewskiego
942 _2UKD
_cKS
999 _c40549
_d40549